Регионална библиотека "Любен Каравелов" - Русе

За малка справка (Запис номер 33762)

MARC детайли
000 -Лидер
Контролно поле с фиксирана дължина 02288nam a2200421 c 4500
003 - Код на организацията, давaща контролен номер
Контролно поле BLK
005 - Дата и час на последна редакция
Контролно поле 20180422100232.0
008 - Елементи от данни с фиксирана дължина
fixed length control field 180408b bul|||||r ||||||| ||bul||
010 ## - Наследен системен номер
LC control number KNG00036453000
020 ## - Международен стандартен номер на книга ISBN
Международен стандартен номер на книга ISBN 954-604-105-Х
-- издат.: Иван Вазов
040 ## - Източник на каталожния запис
Идентификатор на билиотеката - собственик на записа BLK
041 ## - Код за език
Код за езика на текст/звукозапис или на отделно заглавие Български
Код за езика КДБФ Български
080 ## - УДК
Текстов определител УДК Политическо преследване. Терористични действия. Тероризъм - Атентати, политически убийства. Вж и 343.1 ; 343.3/.7
УДК код - определител по УДК 323.28
УДК определител (497.2)(093.3)
УДК - код + определител 323.28(497.2)(093.3)
080 ## - УДК
Текстов определител УДК Заведения за изпълнение на наказанието. Заведения за трудова терапия - Затвори, принудителна работа, наказателни колонии, концентрационни лагери, възпитателни заведения и др.
УДК код - определител по УДК 343.81
УДК определител (497.2)(093.3)
УДК - код + определител 343.81(497.2)(093.3)
100 1# - Редна дума - Автор
Автор Петров, Божидар
Авторска отговорност първи автор
R(LIN) 273220
139 ## - Редно поле
Редна дума Петров, Божидар и др.
Авторски знак Петро - П 47
245 10 - Сведения за заглавието
Заглавие За малка справка
Редно поле (дума) Божидар Петров; съавт. Борис Гиков; съавт. Никола Дафинов; записал Васил Станилов.
257 ## - Страна на издаване
Страна на създаване/издаване България
260 ## - Област на издателските данни
-- София
Име на издателя, разпространителя и проч. Иван Вазов
Година на издаване 2000
300 ## - Физическа характеристика
Страници 107 с.
Размери/Мащаб 21 см
380 ## - Жанр
Жанр Обществени науки
490 1# - СЕРИИ (Колекции)
Име на серия Библиотека Писахме, да се знае
500 ## - Общи забележки
Забележка Авт. отбелязани на с. 5. - Офс. изд.
650 #4 - Допълнително описание по предмет – тема
Основно описание – тема или топоним Политически репресии - България - спомени
9 (RLIN) 270867
650 #4 - Допълнително описание по предмет – тема
Основно описание – тема или топоним Концентрационни лагери - България
9 (RLIN) 259554
651 #4 - Допълнително описание по предмет - топоним
Географско понятие България
9 (RLIN) 241624
653 ## - Ключова дума – ненормативна
Ключова дума политически репресии
653 ## - Ключова дума – ненормативна
Ключова дума концентрационни лагери
653 ## - Ключова дума – ненормативна
Ключова дума българска история
700 1# - Други автори (авторска отговорност)
Лично име Гиков, Борис
Автороска отговорност (Описва отношението между автора и произведението) съавт.
9 (RLIN) 273221
700 1# - Други автори (авторска отговорност)
Лично име Дафинов, Никола
Автороска отговорност (Описва отношението между автора и произведението) съавт.
9 (RLIN) 273222
700 1# - Други автори (авторска отговорност)
Лично име Станилов, Васил
Автороска отговорност (Описва отношението между автора и произведението) записал
9 (RLIN) 365278
852 ## - Местоположение
Форматна сигнатура Цб 208640
856 4# - Електронен адрес и достъп
Електронен формат pdf - файл
Път до файла /url/
856 4# - Електронен адрес и достъп
Електронен формат pdf - файл
Път до файла /url/
942 ## - АРТИКУЛИ
Вид на библиотечния материал Книги
Скрит в OPAC Не
944 ## - СЪЗДАВАНЕ И РЕДАКЦИЯ на ЗАПИСА
Създаване/Редакция Създаване
Дата на регистрацията/редакция 15.01.2003
Статус, дата на статуса ф /
Служител, извършил регистрацията/редакцията Виолета_Тройчева
944 ## - СЪЗДАВАНЕ И РЕДАКЦИЯ на ЗАПИСА
Създаване/Редакция Редакция
Дата на регистрацията/редакция 17.04.2015
Статус, дата на статуса ф /
Служител, извършил регистрацията/редакцията Людмила_Стоянова
999 ## - СИСТЕМНИ КОНТРОЛНИ НОМЕРА
Koha biblionumber 33762
Koha biblioitemnumber 33762
Наличности
Код за отписване Код за изгубен артикул Източник на класификационната схема Код за повреда Коз за рестрикции Код за отдаване Артикулен № Име на библиотеката - собственик Име на библиотеката, в която се намира в момента Статус (Текущо местоположение) Дата на вписване в системата Местоположение - отдел Цена в лева Инвентарен номер Систематично азбучна сигнатура Баркод Номер на екземпляра Цена в евро Служебна бележка Служебен тип на артикула
  Не е изгубен Universal Decimal Classification Не е повреден без рестрикции ползва се в читалня 53730 Регионална библиотека "Любен Каравелов" Русе Регионална библиотека "Любен Каравелов" Русе Хранилище 2001-01-01 Хранилище 2.50 664984 Цб 208640 120000664984 1 1.28 Дост: Dp Вид: Д N: 19 Дата: 01.01.2001 Книги
Изтеглен Не е изгубен   Не е повреден без рестрикции заемане за дома 53731 Регионална библиотека "Любен Каравелов" Русе Регионална библиотека "Любен Каравелов" Русе Заемна - подръчен фонд 2014-06-23 Заемна - подръчен фонд 2.50 120000778544 П 323(497.2)/П 47 120000778544 2 1.28 Дост: DA Вид: А N: 10 Дата: 23.06.2014 Дата инв: 27.05.2015 Бележки инв: П2015 Книги
Vip Innovations Ltd, Rousse, Bulgaria 2025